Max and Helen /

Bibliographic Details
Main Author: Wiesenthal, Simon
Format: Book
Language:English
German
Published: New York : Morrow, 1982.
Edition:1st ed.
Subjects:

MARC

Tag First Indicator Second Indicator Subfields
LEADER 00000pam a2200000 a 4500
001 in00000081394
005 20151008061048.0
008 820126s1982 nyu 00010 eng
010 |a  82002175  
020 |a 068801125X :  |c $9.95 
035 |a (OCoLC)08170796 
035 |9 AAJ7217AM 
039 0 |a 2  |b 3  |c 3  |d 3  |e 3 
040 |a DLC  |c DLC  |d TXA  |d UtOrBLW 
041 1 |a eng  |a ger 
043 |a e-ur-un  |a e-pl---  |a e-gx--- 
049 |a TXAM  |c [1673150] 
050 0 0 |a D810.J4  |b W5213 
082 0 |a 940.53/15/03924  |2 19 
100 1 |a Wiesenthal, Simon. 
240 1 0 |a Max und Helen.  |l English 
245 1 0 |a Max and Helen /  |c Simon Wisenthal ; translated by Catherine Hutter. 
250 |a 1st ed. 
264 1 |a New York :  |b Morrow,  |c 1982. 
300 |a 163 pages ;  |c 22 cm. 
336 |a text  |b txt  |2 rdacontent 
337 |a unmediated  |b n  |2 rdamedia 
338 |a volume  |b nc  |2 rdacarrier 
500 |a Translation of: Max und Helen. 
650 0 |a Holocaust, Jewish (1939-1945)  |z Galicia (Poland and Ukraine) 
650 0 |a Jews  |z Galicia (Poland and Ukraine)  |x Persecutions. 
650 0 |a War criminals  |z Germany. 
651 0 |a Galicia (Poland and Ukraine)  |x Ethnic relations. 
999 |a MARS 
999 f f |s 78084b62-3a0b-3b4e-861c-14dd4299e77a  |i 1920338c-aec4-36ea-8b08-20299d1d5d9d  |t 0 
952 f f |p ric  |a Texas A&M University  |b Rellis Campus  |c Joint Library Facility  |d Remote Storage  |t 0  |e D810.J4 W5213  |h Library of Congress classification  |i unmediated -- volume  |m A14806095759 
998 f f |a D810.J4 W5213  |t 0  |l Remote Storage